Southville International School and Colleges

Realities of data sharing using the genome wars as case study - an historical perspective and commentary (Record no. 354230)

000 -LEADER
fixed length control field 00407nam a2200097Ia 4500
008 - FIXED-LENGTH DATA ELEMENTS--GENERAL INFORMATION
fixed length control field 180130s9999 xx 000 0 und d
245 ## - TITLE STATEMENT
Statement of responsibility, etc Jasny, Barbara R.
Title Realities of data sharing using the genome wars as case study - an historical perspective and commentary
260 ## - PUBLICATION, DISTRIBUTION, ETC. (IMPRINT)
Date of publication, distribution, etc 2016
300 ## - PHYSICAL DESCRIPTION
Extent Book title: Knowledge discovery in databases--Acession number C20553; pages 192-206
650 ## - SUBJECT ADDED ENTRY--TOPICAL TERM
Topical term or geographic name as entry element KNOWLEDGE DISCOVERY
Holdings
Koha item type Damaged status Withdrawn status Lost status Price effective from Date last seen Permanent Location Current Location Date acquired
Book Chapter   2018-01-302018-01-30College LibraryCollege Library2018-01-30
Powered by Koha